000 00495nam a2200181 4500
003 SEACOMMC
005 20250506123311.0
008 250305b |||||||| |||| 00| 0 eng d
020 _a81-219-3164-9
_cRs.250.00
040 _aSEACOMMC
082 _a005.43
_bC 549
100 _aChopra, Rajiv
245 1 _aOperating systems :[ A Practical Approach ] /
_cRajiv Chopra
250 _arev.ed.
260 _a New Delhi
_b S. Chand Publishing
_c 2009
650 _a Computer Science
942 _cBOOK
999 _c1119
_d1119